On This Day: October 23rd Quiz Stats

 Plays Quiz Updated Oct 23, 2017

Challenge
Share
Tweet
Embed
Score 0/7 Timer 03:00
0 Plays Today
Question Answer Wrong Answers
US President Abraham Lincoln suspends the writ of habeas ______ in Washington, D.C. for all military-related cases.
1861
Corpus
95.7%
Injuria
1.5%
Damnum
1.2%
Absque
0.9%
This Brazilian soccer player, often regarded as the greatest soccer player of all time, is born.
1940
Pelé
95.5%
Diego Maradona
2%
Garrincha
0.4%
Romário
0.8%
Thousands of Hungarians protest against the government and ______ occupation, starting the Hungarian Revolution.
1956
Soviet
87.6%
British
4.5%
French
4.4%
American
1.3%
Yolanda Saldívar is found guilty of first-degree murder in the shooting death of this popular American singer.
1995
Selena
73.6%
Celia Cruz
5.8%
Aaliyah
13.8%
Thalía
4.5%
The first National ______ Rights Convention begins in Worcester, Massachusetts.
1850
Women's
69.8%
Gun
3.5%
Religious
1.7%
Civil
25%
Prime Minister Ngô Đình Diệm defeats former emperor Bảo Đại in a referendum and founds the Republic of ______.
1955
Vietnam
54.9%
Laos
9.9%
Cambodia
19.7%
Thailand
13.5%
At El Alamein, the British Eighth Army under Field Marshal Montgomery begins a critical offensive to expel the Axis armies from this country.
1942
Egypt
54.9%
Tunisia
21.6%
Morocco
19.5%
Senegal
2.3%

Today's Daily Dose

You're not logged in!

Compare scores with friends on all Sporcle quizzes.
Join for Free
OR
Log In

You Might Also Like...

Show Comments

Extras

Top Quizzes Today


Score Distribution

Your Account Isn't Verified!

In order to create a playlist on Sporcle, you need to verify the email address you used during registration. Go to your Sporcle Settings to finish the process.

Report this User

Report this user for behavior that violates our Community Guidelines.

Details: